01989nam a2200373 a 4500001001200000003000800012006001900020007001500039008004100054020001800095020001500113040002100128035002100149050002600170111007500196245045200271246004600723260005700769300001600826504005200842533015200894650003001046650004101076650004101117655002901158700002301187700002001210700001601230710010201246710008801348710003601436710001701472856012601489ebr10309982CaPaEBRm u cr cn|||||||||091005s2009 dcu sb 100 0 eng d z9780309128292 z0309128293 aCaPaEBRcCaPaEBR a(OCoLC)50344759514aHV6433.3b.I58 2009eb2 aInternational Forum on Biosecurityn(2nd :d2008 :cBudapest, Hungary)14aThe 2nd International Forum on Biosecurityh[electronic resource] :bsummary of an international meeting, Budapest, Hungary, March 30 to April 2, 2008 /cKatherine Bowman, Jo L. Husbands, and Ben Rusek, Rapporteurs; Committee on International Outreach Activities on Biosecurity; Development, Security, and Cooperation, Board on International Scientific Organizations, Policy and Global Affairs, National Research Council of the National Academies.3 aSecond International Forum on Biosecurity aWashington, D.C. :bNational Academies Press,c2009. axii, 145 p. aIncludes bibliographical references (p. 71-73). aElectronic reproduction.bPalo Alto, Calif. :cebrary,d2013.nAvailable via World Wide Web.nAccess may be limited to ebrary affiliated libraries. 0aBioterrorismxPrevention. 0aBiological warfarexRisk assessment. 0aBiological weaponsxRisk assessment. 7aElectronic books.2local1 aBowman, Katherine.1 aHusbands, Jo L.1 aRusek, Ben.2 aNational Research Council (U.S.).bCommittee on International Outreach Activities on Biosecurity.2 aNational Research Council (U.S.).bBoard on International Scientific Organizations.2 aNational Academies Press (U.S.)2 aebrary, Inc.40uhttp://site.ebrary.com/lib/rucke/Doc?id=10309982zAn electronic book accessible through the World Wide Web; click to view